MARC

LEADER 00000nam0a2200000 4500
001 113664
005 20231101215137.0
020 |a RU  |b 85-48725 
035 |a (RuTPU)RU\TPU\book\122926 
090 |a 113664 
100 |a 20070413d1984 k y0rusy5003 ca 
101 0 |a rus 
102 |a LT 
105 |a y z 001zy 
200 1 |a Квазиспин и изоспин в теории атома  |f З. Б. Рудзикас, Ю. М. Каняускас 
210 |a Вильнюс  |c Мокслас  |d 1984 
215 |a 139 с. 
320 |a Библиогр.: с. 130-132. 
610 1 |a тензорный анализ 
610 1 |a физика 
610 1 |a атомные спектры 
610 1 |a квазиспин 
610 1 |a изоспин 
610 1 |a волновые функции 
610 1 |a алгебраические выражения 
675 |a 539.184  |v 3 
700 1 |a Рудзикас  |b З. Б.  |g Зенонас Брониславович  |4 070 
701 1 |a Каняускас  |b Ю. М.  |g Юлий Мерисович  |4 070 
712 0 2 |a Академия наук Литовской ССР  |b Институт физики  |2 stltpush  |3 (RuTPU)RU\TPU\col\12488  |9 25431 
801 0 |a RU  |b RuMRKP  |c 19950704  |g psbo 
801 1 |a RU  |b 63413507  |c 20070413  |g PSBO 
801 2 |a RU  |b 63413507  |c 20130527  |g PSBO 
942 |c BK